=LDR 00000nam 2200000 4500 =001 INLIS000000000003786 =005 20250526090622 =035 ##$$a 0010-0525000023 =007 ta =008 250526################g##########0#ind## =082 ##$$a 378.2 =084 ##$$a 378.2 HEN k =100 #$$a Hendra Eka Prasetya =245 1#$$a Kertas Kerja Perseorangan (KKP) Rencana Kerja Peningkatan Kinerja Pelayanan Kontrasepsi Pada Seksi Jaminan dan Pelayanan KB dan KR bidang pengendalian KB dan KR BKKBN Provinsi Kepulauan Bangka Belitung /$c Hendra Eka Prasetya =260 ##$$a Jakarta :$b BKKBN,$c 2010 =300 ##$$a v, 42 hlm : $b ilus ; $c 29 cm =650 #4$$a pelayanan kontrasepsi =504 ##$$a Bibliografi : halaman 42